[Event "SK Königsspringer Iserlohn 1 - Godesbe"]
[Site "NRW-Klasse - Gruppe 2 2018/20"]
[Date "2019.04.14"]
[Round "8.8"]
[White "Franz, Christian"]
[Black "Luebsen, Keno"]
[Result "1/2-1/2"]
[WhiteElo "2046"]
[BlackElo "2092"]
[PlyCount "81"]
[EventDate "2019.??.??"]
[WhiteTeam "SK Königsspringer Iserlohn 1"]
[BlackTeam "Godesberger SK 1"]

1. c4 c6 2. Nc3 d5 3. cxd5 cxd5 4. d4 Nf6 5. Nf3 Nc6 6. Bf4 Bf5 7. Qb3 Na5 8.
Qb5+ Bd7 9. Qd3 Rc8 10. Ne5 e6 11. a3 Be7 12. h4 O-O 13. h5 Nb3 14. Rd1 Qa5 15.
Nxd7 Nxd7 16. Rh3 Rc4 17. Qc2 Nxd4 18. Rxd4 Rxd4 19. e3 Rxf4 20. exf4 Rc8 21.
Qd2 Bf6 22. Nd1 Qc7 23. g4 Nc5 24. g5 Ne4 25. Qe3 Be7 26. Bd3 Bc5 27. Qf3 Bxf2+
28. Nxf2 Qc1+ 29. Nd1 Qd2+ 30. Kf1 Rc1 31. Be2 Qxb2 32. Qd3 Qb6 33. Qe3 Qb1 34.
Kg2 Rxd1 35. Qxa7 Kf8 36. Qb8+ Ke7 37. Qc7+ Ke8 38. Qc8+ Ke7 39. Qc7+ Ke8 40.
Bxd1 Qxd1 41. Qc8+ 1/2-1/2

[Event "Gütersloher SV 1 - SF Essen-Katernberg"]
[Site "NRW-Klasse - Gruppe 2 2018/20"]
[Date "2019.04.14"]
[Round "8.1"]
[White "Tomic, Bosko"]
[Black "Ebert, Manuel"]
[Result "1-0"]
[WhiteElo "2355"]
[BlackElo "2141"]
[PlyCount "47"]
[EventDate "2019.??.??"]
[WhiteTeam "SF Essen-Katernberg  1"]
[BlackTeam "Gütersloher SV 1"]

1. e4 c5 2. Nf3 e6 3. Nc3 a6 4. d4 cxd4 5. Nxd4 Qc7 6. f4 d6 7. Bd3 Nf6 8. O-O
b5 9. Qe2 Bb7 10. Kh1 Nbd7 11. Bd2 Be7 12. Rae1 b4 13. Nd1 d5 14. exd5 Nxd5 15.
c4 bxc3 16. Nxc3 Nc5 17. Bb1 Bf6 18. Nxd5 Bxd5 19. Be3 O-O 20. Rc1 Qa5 21. b4
Qxb4 22. Nc6 Bxc6 23. Bxc5 Qb7 24. Qc2 1-0

[Event "Gütersloher SV 1 - SF Essen-Katernberg"]
[Site "NRW-Klasse - Gruppe 2 2018/20"]
[Date "2019.04.14"]
[Round "8.2"]
[White "Kretschmann, Michael"]
[Black "Rosen, Bernd"]
[Result "0-1"]
[WhiteElo "2075"]
[BlackElo "2287"]
[PlyCount "83"]
[EventDate "2019.??.??"]
[WhiteTeam "Gütersloher SV 1"]
[BlackTeam "SF Essen-Katernberg  1"]

1. g3 c5 2. Bg2 Nc6 3. d3 g6 4. Nf3 Bg7 5. e4 d6 6. O-O e5 7. Nc3 Nge7 8. Nd5
Nxd5 9. exd5 Ne7 10. Nd2 O-O 11. a4 b6 12. a5 b5 13. c4 a6 14. Ne4 Rb8 15. f4
f5 16. Ng5 bxc4 17. fxe5 dxe5 18. dxc4 h6 19. Ne6 Bxe6 20. dxe6 e4 21. Bf4 Rxb2
22. Rb1 Rxb1 23. Qxb1 Bd4+ 24. Kh1 g5 25. Bc1 Qd6 26. Qb6 Qxb6 27. axb6 Rb8 28.
h4 Rxb6 29. hxg5 Rxe6 30. gxh6 e3 31. Bf3 Rxh6+ 32. Kg2 Kg7 33. Re1 Re6 34. Bd2
Ng6 35. Ba5 Ne5 36. Bd5 Rg6 37. Rf1 Rf6 38. Bd8 Rf8 39. Be7 Re8 40. Bd6 e2 41.
Rb1 Nd3 42. Rb7+ 0-1

[Event "Gütersloher SV 1 - SF Essen-Katernberg"]
[Site "NRW-Klasse - Gruppe 2 2018/20"]
[Date "2019.04.14"]
[Round "8.3"]
[White "Wessendorf, Thomas"]
[Black "Janyska, Dennis"]
[Result "1/2-1/2"]
[WhiteElo "2189"]
[BlackElo "2044"]
[PlyCount "53"]
[EventDate "2019.??.??"]
[WhiteTeam "SF Essen-Katernberg  1"]
[BlackTeam "Gütersloher SV 1"]

1. e4 c6 2. d4 g6 3. Nc3 d6 4. Bc4 Bg7 5. Qf3 d5 6. exd5 Nf6 7. dxc6 Nxc6 8.
Bb5 O-O 9. Bxc6 Bg4 10. Qd3 bxc6 11. Nge2 Bf5 12. Qd1 Nd5 13. Nxd5 Qxd5 14. O-O
Rfd8 15. Be3 e5 16. c3 Qb5 17. b3 Qa6 18. Qd2 exd4 19. cxd4 Bd3 20. Rfe1 Bxe2
21. Qxe2 Qxe2 22. Rxe2 Bxd4 23. Bxd4 Rxd4 24. g3 Rad8 25. Kg2 Rd2 26. Re7 Rc2
27. Rxa7 1/2-1/2

[Event "Gütersloher SV 1 - SF Essen-Katernberg"]
[Site "NRW-Klasse - Gruppe 2 2018/20"]
[Date "2019.04.14"]
[Round "8.4"]
[White "Grochtmann, Stephan"]
[Black "Kueppers, Timo"]
[Result "0-1"]
[WhiteElo "1985"]
[BlackElo "2245"]
[PlyCount "36"]
[EventDate "2019.??.??"]
[WhiteTeam "Gütersloher SV 1"]
[BlackTeam "SF Essen-Katernberg  1"]

1. d4 Nf6 2. Nc3 d5 3. Bf4 c5 4. e3 a6 5. Nf3 Nc6 6. dxc5 e6 7. Na4 Ne4 8. Nb6
Ra7 9. b4 a5 10. Bb5 Nc3 11. Bxc6+ bxc6 12. Qd4 axb4 13. Qxb4 Ne4 14. Nxc8 Qxc8
15. Qd4 f6 16. Rb1 Bxc5 17. Qa1 O-O 18. O-O e5 0-1

[Event "Gütersloher SV 1 - SF Essen-Katernberg"]
[Site "NRW-Klasse - Gruppe 2 2018/20"]
[Date "2019.04.14"]
[Round "8.5"]
[White "Kaeding, Rainer"]
[Black "Wulfhorst, Noah"]
[Result "1/2-1/2"]
[WhiteElo "2120"]
[BlackElo "1846"]
[Annotator "Daniel"]
[PlyCount "116"]
[EventDate "2019.??.??"]
[WhiteTeam "SF Essen-Katernberg  1"]
[BlackTeam "Gütersloher SV 1"]

1. d4 Nf6 2. g3 c5 3. c3 e6 4. Bg2 d5 5. Nf3 Be7 6. O-O O-O 7. b3 b6 8. Bb2 Bb7
9. Nbd2 Nbd7 10. e3 Rc8 11. Qe2 Qc7 12. Rac1 Rfd8 13. Rfd1 Qb8 14. Bh3 Bf8 15.
c4 Qa8 16. Ne5 cxd4 17. exd4 Nxe5 18. dxe5 Nd7 19. Bg2 Nc5 20. Nf1 dxc4 21.
Bxb7 Qxb7 22. Rxc4 Be7 23. Rxd8+ Rxd8 24. Rd4 Rxd4 25. Bxd4 Qe4 26. Qxe4 Nxe4
27. Ne3 Bc5 28. Bxc5 Nxc5 29. f4 Kf8 30. Kf1 Ne4 31. Nd1 f6 32. exf6 Nxf6 33.
Ke2 Ke7 34. Kd3 Kd6 35. Ne3 Nd5 36. Nc4+ Kc5 37. a3 Nf6 $11 38. Ne3 Nd5 39. b4+
Kc6 40. Nc2 Kb5 41. Nd4+ Ka4 42. Nxe6 g6 43. Kd4 Nf6 44. h3 Kxa3 45. b5 Kb4 46.
Ke5 Kxb5 47. Kxf6 Kc4 48. Ke5 a5 49. Nd4 a4 50. g4 a3 51. f5 gxf5 52. gxf5 a2
53. Nc2 Kc3 54. Na1 Kb2 55. f6 Kxa1 56. f7 Kb1 57. f8=Q a1=Q+ 58. Kd5 Qa2+
1/2-1/2

[Event "Gütersloher SV 1 - SF Essen-Katernberg"]
[Site "NRW-Klasse - Gruppe 2 2018/20"]
[Date "2019.04.14"]
[Round "8.6"]
[White "Punsaem, Gap"]
[Black "Neuer, Thomas"]
[Result "0-1"]
[WhiteElo "1978"]
[BlackElo "2119"]
[Annotator "Daniel"]
[PlyCount "68"]
[EventDate "2019.??.??"]
[WhiteTeam "Gütersloher SV 1"]
[BlackTeam "SF Essen-Katernberg  1"]

1. e4 e6 2. d4 d5 3. Nd2 c5 4. exd5 exd5 5. dxc5 Bxc5 6. Bd3 Nf6 7. h3 O-O 8.
Ne2 Nc6 9. Nb3 Bb6 10. O-O Be6 11. Bg5 h6 12. Bh4 g5 13. Bg3 Ne4 14. Bxe4 dxe4
15. Bd6 Re8 16. Nc5 Bxc5 17. Bxc5 Qxd1 18. Rfxd1 b6 19. Bd6 Rac8 20. Nc3 f5 21.
a4 Na5 22. Nd5 $11 Kf7 23. Bb4 Rxc2 24. Bc3 Nb3 25. Rab1 Rd8 26. Nc7 Rxd1+ 27.
Rxd1 Rc1 28. Rxc1 Nxc1 29. Nb5 Ne2+ 30. Kf1 Nxc3 31. Nxc3 Kf6 32. Ke2 Ke5 33.
Kd2 Bc4 34. Kc2 Bf1 0-1

[Event "Gütersloher SV 1 - SF Essen-Katernberg"]
[Site "NRW-Klasse - Gruppe 2 2018/20"]
[Date "2019.04.14"]
[Round "8.7"]
[White "Heldt, Maximilian"]
[Black "Borchmann, Thorsten"]
[Result "1-0"]
[WhiteElo "2082"]
[BlackElo "1653"]
[PlyCount "33"]
[EventDate "2019.??.??"]
[WhiteTeam "SF Essen-Katernberg  1"]
[BlackTeam "Gütersloher SV 1"]

1. c4 f5 2. d3 Nf6 3. Nc3 e5 4. g3 Bb4 5. Bd2 Nc6 6. Bg2 O-O 7. Nf3 d6 8. O-O
Qe8 9. Nd5 Nxd5 10. cxd5 Bxd2 11. dxc6 Ba5 12. cxb7 Bxb7 13. Qb3+ Kh8 14. Qxb7
Bb6 15. Qd5 f4 16. Nxe5 fxg3 17. Nf7+ 1-0

[Event "Gütersloher SV 1 - SF Essen-Katernberg"]
[Site "NRW-Klasse - Gruppe 2 2018/20"]
[Date "2019.04.14"]
[Round "8.8"]
[White "Lueckner, Andreas"]
[Black "Dahm, Bernd"]
[Result "0-1"]
[WhiteElo "1961"]
[BlackElo "2080"]
[PlyCount "100"]
[EventDate "2019.??.??"]
[WhiteTeam "Gütersloher SV 1"]
[BlackTeam "SF Essen-Katernberg  1"]

1. d4 Nf6 2. Nf3 e6 3. Bg5 h6 4. Bxf6 Qxf6 5. e4 d5 6. e5 Qd8 7. Nbd2 c5 8. c3
Nc6 9. Bb5 Qb6 10. Qb3 Bd7 11. Bxc6 bxc6 12. O-O Rb8 13. Qxb6 axb6 14. a4 cxd4
15. Nxd4 Be7 16. b4 O-O 17. Rfb1 Rfc8 18. Ne2 c5 19. b5 Ra8 20. c4 Rc7 21. Nc3
d4 22. Nd1 Bc8 23. Ra3 f6 24. f4 fxe5 25. fxe5 Bb7 26. Nb2 Bg5 27. Nf3 Be3+ 28.
Kf1 g5 29. Ke2 g4 30. Ne1 Bf4 31. Nbd3 Bxh2 32. a5 Rf7 33. Rba1 bxa5 34. Rxa5
Rc8 35. b6 Rc6 36. Rb1 Bg3 37. Rxc5 Bxe1 38. Rxc6 Bxc6 39. Rxe1 Bxg2 40. c5
Bf3+ 41. Kd2 h5 42. Rc1 g3 43. c6 Bxc6 44. Rxc6 g2 45. Rc1 h4 46. Rg1 h3 47.
Ne1 Rf2+ 48. Kd3 h2 49. b7 hxg1=Q 50. b8=Q+ Rf8 0-1

[Event "Kölner SK Dr. Lasker 1 - Südlohner SV"]
[Site "NRW-Klasse - Gruppe 2 2018/20"]
[Date "2019.04.14"]
[Round "8.1"]
[White "van Lith, Arjan"]
[Black "Eichhorn, Andreas"]
[Result "1-0"]
[WhiteElo "2157"]
[BlackElo "2314"]
[PlyCount "73"]
[EventDate "2019.??.??"]
[WhiteTeam "Südlohner SV 1"]
[BlackTeam "Kölner SK Dr. Lasker 1"]

1. e4 e6 2. d4 d5 3. Nd2 Nf6 4. e5 Nfd7 5. Bd3 c5 6. c3 Nc6 7. Ne2 cxd4 8. cxd4
Be7 9. O-O h5 10. f4 g6 11. a3 a5 12. b3 Nb6 13. Kh1 a4 14. b4 Bd7 15. Bb2 h4
16. Rc1 Kf8 17. Rf3 Na7 18. Nc3 Rc8 19. Qe2 Rc7 20. Rff1 h3 21. g3 Nc4 22. Nxc4
dxc4 23. Be4 Bc6 24. Rfd1 Nb5 25. Nxa4 Bd5 26. Qf3 Rc6 27. Nc5 b6 28. Bxd5 exd5
29. a4 Na7 30. b5 Rc7 31. Na6 Rd7 32. f5 gxf5 33. Qxf5 Rh6 34. Rf1 Bg5 35. e6
Rf6 36. Ba3+ Ke8 37. exd7+ 1-0

[Event "Kölner SK Dr. Lasker 1 - Südlohner SV"]
[Site "NRW-Klasse - Gruppe 2 2018/20"]
[Date "2019.04.14"]
[Round "8.2"]
[White "Paris, Michael"]
[Black "Kolakovic, Klaudio"]
[Result "1/2-1/2"]
[WhiteElo "2129"]
[BlackElo "2113"]
[Annotator "Daniel"]
[PlyCount "85"]
[EventDate "2019.??.??"]
[WhiteTeam "Kölner SK Dr. Lasker 1"]
[BlackTeam "Südlohner SV 1"]

1. e4 c5 2. Be2 Nc6 3. f4 e5 4. d3 d6 5. Nf3 g6 6. Nc3 Bg7 7. O-O h6 8. Qe1 Nd4
9. Bd1 Nxf3+ 10. Bxf3 Ne7 11. Qf2 exf4 12. Bxf4 Bd4 13. Be3 Be5 14. Kh1 Be6 15.
Ne2 Nc6 16. c3 Bg7 17. d4 cxd4 18. Nxd4 O-O 19. Nxe6 fxe6 20. Qg3 Kh7 21. Bg4
Rxf1+ 22. Rxf1 Qe7 23. Qh3 Re8 24. Bd1 a6 25. Bb6 Rf8 26. Rxf8 Qxf8 27. Qf3 Qe7
28. Qe3 Ne5 29. Bb3 h5 30. Qe2 Nd7 $11 31. Be3 Ne5 32. Bd4 Nd7 33. Kg1 Bxd4+
34. cxd4 e5 35. Qc4 Nf6 36. dxe5 Qxe5 37. Qf7+ Kh6 38. h4 Nh7 39. Qxb7 Qc5+ 40.
Kh2 Qf2 41. Qe7 Qf4+ 42. Kg1 Qc1+ 43. Kh2 1/2-1/2

[Event "Kölner SK Dr. Lasker 1 - Südlohner SV"]
[Site "NRW-Klasse - Gruppe 2 2018/20"]
[Date "2019.04.14"]
[Round "8.3"]
[White "Voelker, Christian"]
[Black "Nagel, Bernhard"]
[Result "1/2-1/2"]
[WhiteElo "2065"]
[BlackElo "2157"]
[PlyCount "67"]
[EventDate "2019.??.??"]
[WhiteTeam "Südlohner SV 1"]
[BlackTeam "Kölner SK Dr. Lasker 1"]

1. e4 e5 2. Nf3 Nc6 3. Bb5 a6 4. Bxc6 dxc6 5. O-O Qf6 6. d3 Bg4 7. Be3 Bxf3 8.
Qxf3 Qxf3 9. gxf3 Bd6 10. Nd2 Ne7 11. Rfb1 O-O 12. b4 Ng6 13. Kf1 f5 14. Ke2
fxe4 15. dxe4 Nf4+ 16. Bxf4 Rxf4 17. Rb3 Rh4 18. Rh1 Kf7 19. Nf1 Ke6 20. Rg1 g6
21. Rg2 Bf8 22. a3 Bh6 23. Ng3 Rd8 24. Rd3 Rxd3 25. Kxd3 Bc1 26. a4 Rf4 27. Ke2
Ba3 28. c3 Bb2 29. Ke3 Bc1+ 30. Ke2 Rh4 31. Rg1 Bf4 32. Rh1 b6 33. Kf1 Bd2 34.
Ne2 1/2-1/2

[Event "Kölner SK Dr. Lasker 1 - Südlohner SV"]
[Site "NRW-Klasse - Gruppe 2 2018/20"]
[Date "2019.04.14"]
[Round "8.4"]
[White "Cramer, Volker"]
[Black "Engels, Natia"]
[Result "1-0"]
[WhiteElo "2148"]
[BlackElo "2047"]
[PlyCount "69"]
[EventDate "2019.??.??"]
[WhiteTeam "Kölner SK Dr. Lasker 1"]
[BlackTeam "Südlohner SV 1"]

1. d4 c5 2. d5 b5 3. e4 a6 4. a4 b4 5. a5 d6 6. Bd3 e5 7. Nd2 Nf6 8. Nc4 Ra7 9.
h3 Be7 10. Be3 Nbd7 11. Ne2 Nf8 12. f4 exf4 13. Nxf4 Ng6 14. O-O O-O 15. Qe2
Re8 16. Nxg6 hxg6 17. Qf3 Qc7 18. Bf4 Bb7 19. Rae1 Bf8 20. g4 Qd7 21. Re2 Rd8
22. Qg3 Ne8 23. Ref2 Nf6 24. Qf3 Qe8 25. g5 Nh7 26. h4 Bc8 27. h5 f5 28. hxg6
Qxg6 29. e5 Nxg5 30. Bxg5 Qxg5+ 31. Rg2 Qh4 32. e6 Qd4+ 33. Rff2 Be7 34. Qxf5
Bf6 35. Qxf6 1-0

[Event "Kölner SK Dr. Lasker 1 - Südlohner SV"]
[Site "NRW-Klasse - Gruppe 2 2018/20"]
[Date "2019.04.14"]
[Round "8.5"]
[White "Doennebrink, Elmar"]
[Black "Kloss, Henning"]
[Result "1/2-1/2"]
[WhiteElo "2063"]
[BlackElo "2142"]
[PlyCount "86"]
[EventDate "2019.??.??"]
[WhiteTeam "Südlohner SV 1"]
[BlackTeam "Kölner SK Dr. Lasker 1"]

1. e4 c5 2. Nf3 d6 3. d4 cxd4 4. Qxd4 a6 5. c4 Nc6 6. Qd2 g6 7. b3 Bg7 8. Bb2
Nf6 9. Nc3 O-O 10. Be2 Qa5 11. Rb1 Bg4 12. h3 Bxf3 13. Bxf3 e6 14. O-O Rfd8 15.
Rfd1 Rac8 16. Ba1 Nd7 17. Be2 Nd4 18. Bf1 Ne5 19. Kh1 Nec6 20. b4 Nxb4 21. Ne2
Nxe2 22. Bxg7 Kxg7 23. Rxb4 Nf4 24. Rxb7 Qxd2 25. Rxd2 Rc6 26. Rdb2 e5 27. Re7
Kf6 28. Rbb7 Rf8 29. Rec7 Rxc7 30. Rxc7 Rb8 31. g3 Rb1 32. gxf4 Rxf1+ 33. Kg2
Ra1 34. Rc6 Rxa2 35. Rxd6+ Ke7 36. fxe5 Ra5 37. Kf3 Ra3+ 38. Kf4 Rxh3 39. Rxa6
Rc3 40. Ra7+ Ke6 41. Ra6+ Ke7 42. Ra7+ Ke6 43. Rc7 h6 1/2-1/2

[Event "Kölner SK Dr. Lasker 1 - Südlohner SV"]
[Site "NRW-Klasse - Gruppe 2 2018/20"]
[Date "2019.04.14"]
[Round "8.6"]
[White "Lindam, Ingo"]
[Black "Darwisch, Khaled"]
[Result "1/2-1/2"]
[WhiteElo "2116"]
[BlackElo "2130"]
[PlyCount "53"]
[EventDate "2019.??.??"]
[WhiteTeam "Kölner SK Dr. Lasker 1"]
[BlackTeam "Südlohner SV 1"]

1. d4 d6 2. Nf3 g6 3. c4 Bg7 4. g3 Nd7 5. Bg2 e5 6. e4 Ne7 7. O-O O-O 8. Nc3 h6
9. h3 f5 10. dxe5 dxe5 11. b3 f4 12. Ba3 g5 13. Nd5 Ng6 14. Bxf8 Ndxf8 15. Nc3
Qf6 16. Nh2 Ne6 17. Qh5 Kh7 18. Nd5 Qf7 19. Ng4 c6 20. Nc3 Bf6 21. Nh2 Ng7 22.
Qd1 Be6 23. Qe2 Be7 24. Na4 b6 25. Rad1 Rf8 26. Rd2 Bc8 27. Rfd1 1/2-1/2

[Event "Kölner SK Dr. Lasker 1 - Südlohner SV"]
[Site "NRW-Klasse - Gruppe 2 2018/20"]
[Date "2019.04.14"]
[Round "8.7"]
[White "Teloeken, Andreas"]
[Black "Hoeren, Andreas"]
[Result "1/2-1/2"]
[WhiteElo "2013"]
[BlackElo "2126"]
[PlyCount "51"]
[EventDate "2019.??.??"]
[WhiteTeam "Südlohner SV 1"]
[BlackTeam "Kölner SK Dr. Lasker 1"]

1. Nf3 g6 2. c4 Bg7 3. g3 d6 4. Bg2 e5 5. Nc3 f5 6. d4 e4 7. Ng1 Nf6 8. Bg5 c6
9. h4 Qb6 10. Qd2 Na6 11. Nh3 Nh5 12. Rd1 Nc7 13. c5 Qa5 14. cxd6 Nb5 15. Nxb5
Qxb5 16. Nf4 Nxf4 17. Bxf4 Be6 18. b3 O-O-O 19. O-O Bf8 20. d5 Bxd5 21. Qd4 Rg8
22. Qxa7 Bxd6 23. Bxd6 Rxd6 24. Rd4 Rgd8 25. e3 Kc7 26. Rc1 1/2-1/2

[Event "Kölner SK Dr. Lasker 1 - Südlohner SV"]
[Site "NRW-Klasse - Gruppe 2 2018/20"]
[Date "2019.04.14"]
[Round "8.8"]
[White "di Franco, Patrizio"]
[Black "Funke, Reinhard"]
[Result "1-0"]
[WhiteElo "2035"]
[BlackElo "2059"]
[PlyCount "47"]
[EventDate "2019.??.??"]
[WhiteTeam "Kölner SK Dr. Lasker 1"]
[BlackTeam "Südlohner SV 1"]

1. d4 d5 2. c4 e6 3. Nc3 Be7 4. cxd5 exd5 5. Bf4 c6 6. Qc2 Nf6 7. e3 Nbd7 8. h3
Nf8 9. Nf3 Ne6 10. Bh2 O-O 11. Bd3 g6 12. O-O-O b5 13. Ne5 Bd7 14. Kb1 Qb6 15.
g4 Rfd8 16. f4 Be8 17. f5 Nf8 18. h4 c5 19. g5 c4 20. Be2 Nh5 21. Bf3 Qb7 22.
Qg2 Rac8 23. Nxd5 Rxd5 24. Bxd5 1-0

[Event "SK Sodingen/Castrop 1 - Düsseldorfer S"]
[Site "NRW-Klasse - Gruppe 2 2018/20"]
[Date "2019.04.14"]
[Round "8.1"]
[White "Hainke, Guntram"]
[Black "Waldschmidt, Georg"]
[Result "1-0"]
[WhiteElo "2333"]
[BlackElo "2183"]
[PlyCount "75"]
[EventDate "2019.??.??"]
[WhiteTeam "Düsseldorfer SK 2"]
[BlackTeam "SK Sodingen/Castrop 1"]

1. d4 Nf6 2. c4 g6 3. Nc3 d5 4. Nf3 Bg7 5. h3 O-O 6. cxd5 Nxd5 7. e4 Nxc3 8.
bxc3 c5 9. Be2 Nc6 10. Be3 f5 11. exf5 gxf5 12. Qb3+ Kh8 13. d5 Na5 14. Qa3 b6
15. Rd1 f4 16. Bc1 e5 17. dxe6 Qf6 18. O-O Bxe6 19. Qa4 Bg8 20. Bb5 Qf7 21.
Rfe1 Qxa2 22. Qe4 Qb3 23. Bd7 Qc4 24. Qe7 Qf7 25. Qh4 Qf6 26. Qg4 Nb3 27. Be6
Nxc1 28. Bxg8 Rxg8 29. Re6 Qxc3 30. Ng5 Raf8 31. Qh5 Qc2 32. Rd5 Ne2+ 33. Rxe2
Qg6 34. Qxg6 hxg6 35. Re7 c4 36. Rd6 Rf5 37. Rxg6 c3 38. Rh6+ 1-0

[Event "SK Sodingen/Castrop 1 - Düsseldorfer S"]
[Site "NRW-Klasse - Gruppe 2 2018/20"]
[Date "2019.04.14"]
[Round "8.2"]
[White "Boehnke, Martin"]
[Black "Hoenig, Alexander"]
[Result "1/2-1/2"]
[WhiteElo "2163"]
[BlackElo "2155"]
[PlyCount "23"]
[EventDate "2019.??.??"]
[WhiteTeam "SK Sodingen/Castrop 1"]
[BlackTeam "Düsseldorfer SK 2"]

1. d4 Nf6 2. c4 e6 3. g3 d5 4. Bg2 c6 5. Nf3 Nbd7 6. Qc2 Bd6 7. O-O O-O 8. Nbd2
Qe7 9. b3 e5 10. dxe5 Nxe5 11. Bb2 dxc4 12. Nxc4 1/2-1/2

[Event "SK Sodingen/Castrop 1 - Düsseldorfer S"]
[Site "NRW-Klasse - Gruppe 2 2018/20"]
[Date "2019.04.14"]
[Round "8.3"]
[White "von Buenau, Heinrich"]
[Black "Werrn, Pascal"]
[Result "0-1"]
[WhiteElo "2145"]
[BlackElo "2050"]
[PlyCount "94"]
[EventDate "2019.??.??"]
[WhiteTeam "Düsseldorfer SK 2"]
[BlackTeam "SK Sodingen/Castrop 1"]

1. Nf3 c5 2. g3 Nc6 3. c4 e5 4. Nc3 g6 5. Bg2 Nge7 6. Ne4 Nf5 7. d3 Be7 8. O-O
O-O 9. a3 a6 10. Rb1 Rb8 11. b4 cxb4 12. axb4 b5 13. c5 d5 14. cxd6 Nxd6 15.
Nc3 Be6 16. h4 f6 17. Nd2 Qd7 18. Nd5 Nf5 19. Nxe7+ Nfxe7 20. Nb3 Qd6 21. Nc5
Bd5 22. Bxd5+ Nxd5 23. Bd2 Nd4 24. e3 Ne6 25. Qb3 Nxc5 26. bxc5 Qe6 27. Ba5 Kf7
28. Rfc1 Rfc8 29. c6 Ne7 30. c7 Rb7 31. Qc3 Ke8 32. e4 Qd6 33. Qb3 Kd7 34. Qf7
h5 35. Rc3 Qe6 36. Qg7 Qa2 37. Rbc1 Qxa5 38. Qxf6 Rbxc7 39. Rxc7+ Rxc7 40.
Rxc7+ Qxc7 41. Qxa6 Qc6 42. Qa7+ Ke6 43. Qe3 b4 44. d4 exd4 45. Qb3+ Kd7 46.
Qxb4 Qxe4 47. Kh2 Qd5 0-1

[Event "SK Sodingen/Castrop 1 - Düsseldorfer S"]
[Site "NRW-Klasse - Gruppe 2 2018/20"]
[Date "2019.04.14"]
[Round "8.4"]
[White "Hille, Ralph Ingo"]
[Black "Berndt, Axel"]
[Result "1/2-1/2"]
[WhiteElo "2066"]
[BlackElo "2125"]
[PlyCount "24"]
[EventDate "2019.??.??"]
[WhiteTeam "SK Sodingen/Castrop 1"]
[BlackTeam "Düsseldorfer SK 2"]

1. b3 Nf6 2. Bb2 e6 3. e3 c5 4. g3 Be7 5. Bg2 O-O 6. Ne2 d5 7. O-O b5 8. d4
Nbd7 9. Nd2 Bb7 10. c4 bxc4 11. bxc4 Rb8 12. dxc5 Nxc5 1/2-1/2

[Event "SK Sodingen/Castrop 1 - Düsseldorfer S"]
[Site "NRW-Klasse - Gruppe 2 2018/20"]
[Date "2019.04.14"]
[Round "8.5"]
[White "Kesseler, Heiko"]
[Black "Mueller, Frank"]
[Result "0-1"]
[WhiteElo "2068"]
[BlackElo "1991"]
[PlyCount "56"]
[EventDate "2019.??.??"]
[WhiteTeam "Düsseldorfer SK 2"]
[BlackTeam "SK Sodingen/Castrop 1"]

1. e4 c5 2. Nf3 e6 3. c3 Nf6 4. e5 Nd5 5. d4 cxd4 6. cxd4 d6 7. Be2 Nc6 8. O-O
Bd7 9. Re1 dxe5 10. dxe5 Rc8 11. Bd2 Bb4 12. Na3 O-O 13. Nc4 Bc5 14. Rc1 Nd4
15. Bd3 Nxf3+ 16. Qxf3 Bc6 17. Qh3 g6 18. Na5 Qb6 19. Qg3 Nb4 20. Bxb4 Bxb4 21.
Nxc6 Rxc6 22. Rxc6 Qxc6 23. Rf1 Qd5 24. Qf4 Bc5 25. Qe4 Qxa2 26. Qxb7 Bb6 27.
Rb1 Rd8 28. Qe4 Qxb1+ 0-1

[Event "SK Sodingen/Castrop 1 - Düsseldorfer S"]
[Site "NRW-Klasse - Gruppe 2 2018/20"]
[Date "2019.04.14"]
[Round "8.6"]
[White "Rohovoy, Dmitrij"]
[Black "Partenheimer, Axel"]
[Result "1/2-1/2"]
[WhiteElo "1939"]
[BlackElo "2130"]
[PlyCount "43"]
[EventDate "2019.??.??"]
[WhiteTeam "SK Sodingen/Castrop 1"]
[BlackTeam "Düsseldorfer SK 2"]

1. d4 d5 2. c4 c6 3. Bf4 Nf6 4. Nc3 e6 5. e3 Bd6 6. Bg3 O-O 7. Bd3 b6 8. Nf3
Bb7 9. cxd5 cxd5 10. Bh4 Be7 11. O-O Nc6 12. Rc1 a6 13. Qe2 b5 14. a3 Na5 15.
Ne5 Nc4 16. Rfd1 Rc8 17. Rc2 Nxb2 18. Rxb2 Rxc3 19. a4 Ne4 20. Bxe7 Qxe7 21.
axb5 axb5 22. Bxe4 1/2-1/2

[Event "SK Sodingen/Castrop 1 - Düsseldorfer S"]
[Site "NRW-Klasse - Gruppe 2 2018/20"]
[Date "2019.04.14"]
[Round "8.7"]
[White "Mueller, Michael"]
[Black "Becker, Joerg"]
[Result "1-0"]
[WhiteElo "2050"]
[BlackElo "2123"]
[PlyCount "81"]
[EventDate "2019.??.??"]
[WhiteTeam "Düsseldorfer SK 2"]
[BlackTeam "SK Sodingen/Castrop 1"]

1. e4 d5 2. Nc3 dxe4 3. Nxe4 g6 4. Bc4 Bg7 5. Nf3 Nf6 6. Neg5 O-O 7. Ne5 e6 8.
O-O Nd5 9. Nef3 Nc6 10. Re1 Nb6 11. Bb3 h6 12. Ne4 e5 13. c3 Na5 14. Bc2 f5 15.
Ng3 e4 16. Nd4 c5 17. Nb3 Nxb3 18. axb3 Bd7 19. d3 exd3 20. Qxd3 Qc7 21. Ne2 g5
22. h4 Bc6 23. hxg5 Be4 24. Qd1 Rad8 25. Bd2 hxg5 26. Bxe4 fxe4 27. Ng3 Be5 28.
Qh5 Rd7 29. Rxe4 Bxg3 30. fxg3 Rh7 31. Qg6+ Rg7 32. Qe6+ Qf7 33. Rxa7 Rd8 34.
Rxb7 Nd7 35. Qxf7+ Kxf7 36. Re5 Kf6 37. Rd5 Ke6 38. c4 Rdg8 39. g4 Nf6 40. Rb6+
Kf7 41. Rf5 1-0

[Event "SK Sodingen/Castrop 1 - Düsseldorfer S"]
[Site "NRW-Klasse - Gruppe 2 2018/20"]
[Date "2019.04.14"]
[Round "8.8"]
[White "Ribbeheger, Edgar"]
[Black "Toel, Karl-Ludwig"]
[Result "1/2-1/2"]
[WhiteElo "2007"]
[BlackElo "1871"]
[PlyCount "83"]
[EventDate "2019.??.??"]
[WhiteTeam "SK Sodingen/Castrop 1"]
[BlackTeam "Düsseldorfer SK 2"]

1. c4 e5 2. Nc3 Nf6 3. g3 Bb4 4. Bg2 O-O 5. Nf3 Nc6 6. O-O e4 7. Ng5 Bxc3 8.
dxc3 Re8 9. Qc2 Qe7 10. Nh3 d6 11. Bg5 h6 12. Bxf6 Qxf6 13. Nf4 Bf5 14. Nd5 Qd8
15. Rad1 Re5 16. Ne3 Bg6 17. Rd5 f5 18. Bh3 Qg5 19. Ng2 Rae8 20. Rxe5 Nxe5 21.
b3 a5 22. f4 exf3 23. exf3 f4 24. Qd2 fxg3 25. Qxg5 gxh2+ 26. Kxh2 hxg5 27. Kg3
a4 28. Re1 axb3 29. axb3 Kf7 30. f4 gxf4+ 31. Nxf4 Bc2 32. b4 g5 33. Nd5 c6 34.
Rf1+ Kg7 35. Nc7 Re7 36. Ne6+ Kg6 37. Nf8+ Kg7 38. Ne6+ Kg6 39. Nf8+ Kh6 40.
Rh1 Kg7 41. Ne6+ Kg6 42. Rf1 1/2-1/2

[Event "Düsseldorfer SK 2 - SVG Plettenberg 1"]
[Site "NRW-Klasse - Gruppe 2 2018/20"]
[Date "2019.05.12"]
[Round "9.1"]
[White "Haub, Thorsten Michael"]
[Black "Hainke, Guntram"]
[Result "1/2-1/2"]
[WhiteElo "2384"]
[BlackElo "2322"]
[Annotator "Daniel"]
[PlyCount "84"]
[EventDate "2019.??.??"]
[WhiteTeam "SVG Plettenberg 1"]
[BlackTeam "Düsseldorfer SK 2"]

1. g3 d5 2. Bg2 Nf6 3. d3 c6 4. Nd2 e5 5. e4 Bg4 6. Ngf3 Nbd7 7. O-O Bc5 8. h3
Bh5 9. Qe1 dxe4 10. Nxe4 Nxe4 11. Qxe4 Bxf3 12. Bxf3 O-O 13. Bg2 Re8 14. b4 Bd4
15. Rb1 Nf6 16. Qe1 Qd7 17. c3 Bb6 18. Qe2 Rad8 19. Rd1 e4 20. d4 Nd5 21. Rb3
f5 22. Bg5 Rc8 23. c4 h6 24. Bh4 g5 25. cxd5 cxd5 26. Kh1 gxh4 27. Qh5 Kh7 28.
Bf1 Rg8 29. Qxh4 $11 Rc2 30. Kg1 Bd8 31. Qh5 Rg5 32. Qh4 Rg8 33. Qh5 Rg5 34.
Qh4 Qa4 35. f4 Qxa2 36. fxg5 Qxb3 37. Qxh6+ Kg8 38. Qg6+ Kf8 39. Qxf5+ Kg7 40.
Qd7+ Kg6 41. Qe8+ Kg7 42. Qd7+ Kg6 1/2-1/2

[Event "Düsseldorfer SK 2 - SVG Plettenberg 1"]
[Site "NRW-Klasse - Gruppe 2 2018/20"]
[Date "2019.05.12"]
[Round "9.2"]
[White "von Buenau, Heinrich"]
[Black "Bosch, Jeroen"]
[Result "0-1"]
[WhiteElo "2141"]
[BlackElo "2420"]
[PlyCount "38"]
[EventDate "2019.??.??"]
[WhiteTeam "Düsseldorfer SK 2"]
[BlackTeam "SVG Plettenberg 1"]

1. c4 Nf6 2. g3 c6 3. b3 d5 4. Nf3 Bg4 5. Bb2 e6 6. Bg2 Nbd7 7. O-O Bd6 8. d3
Qe7 9. Nc3 O-O 10. h3 Bh5 11. g4 Bg6 12. Nh4 Nxg4 13. Nxg6 fxg6 14. hxg4 Qh4
15. f4 Rxf4 16. Rxf4 Bxf4 17. Bc1 Bh2+ 18. Kf1 Rf8+ 19. Bf3 Bg3 0-1